Statystyki dla Polskie Stopnie Wojskowe

Kliknij tutaj aby rozwiązać quiz!

Ogólne statystyki

  • Ten quiz został rozwiązany 1 217 razy
    (1 182 od ostatniego zresetowania)
  • Średni wynik to 14 z 22

Statystyki odpowiedzi

Odpowiedź% Poprawnych
szeregowy
99%
starszy szeregowy
92%
kapral
82%
starszy kapral
77%
sierżant
67%
plutonowy
66%
starszy sierżant
66%
chorąży
61%
starszy chorąży
59%
generał
58%
major
58%
porucznik
56%
pułkownik
56%
kapitan
55%
podporucznik
55%
młodszy chorąży
54%
podpułkownik
54%
starszy chorąży sztabowy
52%
generał broni
50%
generał brygady
49%
generał dywizji
49%
marszałek polski
41%

Rozkład punktacji

Percentyl według liczby udzielonych odpowiedzi

Procent ludzi z każdym wynikiem

Twoja historia wyników

Nie rozwiązałeś tego quizu od ostatniego zresetowania